Ваш миллиард покупателей. Лучшие мировые практики бизнеса с Китаем: пер. с англ.

מידע ביבליוגרפי
מחבר ראשי: Макгрегор Дж. Джеймс
סיכום:Миллиард покупателей — это рынок Китая, страны с бурно развивающейся экономикой и огромными экономическими перспективами. Миллиард покупателей — это еще и рабочая сила, способная обеспечить серьезное преимущество тому, кто сумеет ею грамотно воспользоваться в целях повышения конкурентоспособности на рынке своей страны. И этот миллиард может быть вашим, если правильно подойти к вопросу организации бизнеса в Китае и с Китаем.Автор книги — советник правительств США и Китая, шеф-редактор китайского бюро газеты «Wall Street Journal», генеральный директор китайского подразделения Dow Jones, ранее — председатель Торговой палаты США в Китае. Его работа уже получила статус библии для бизнесменов, стремящихся в Китай. В ней нашли отражения обширные знания уважаемого журналиста, известного бизнесмена и, что немаловажно, человека, прожившего много лет в самом Китае. Победы, поражения, успехи и ошибки тех, кто уже пробовал вести бизнес в Поднебесной, — все это вы найдете в книге.
שפה:רוסית
יצא לאור: СПб., Питер, 2008
סדרה:Деловой бестселлер
נושאים:
פורמט: ספר
KOHA link:https://koha.lib.tpu.ru/cgi-bin/koha/opac-detail.pl?biblionumber=161608

MARC

LEADER 00000nam0a2200000 4500
001 161608
005 20231101222251.0
010 |a 9785911802356 
035 |a (RuTPU)RU\TPU\book\175252 
090 |a 161608 
100 |a 20090610d2008 km y0rusy50 ca 
101 1 |a rus  |c eng 
102 |a RU 
105 |a y z 000zy 
200 1 |a Ваш миллиард покупателей. Лучшие мировые практики бизнеса с Китаем  |e пер. с англ.  |f Дж. Макгрегор 
210 |a СПб.  |c Питер  |d 2008 
215 |a 352 с. 
225 1 |a Деловой бестселлер 
330 |a Миллиард покупателей — это рынок Китая, страны с бурно развивающейся экономикой и огромными экономическими перспективами. Миллиард покупателей — это еще и рабочая сила, способная обеспечить серьезное преимущество тому, кто сумеет ею грамотно воспользоваться в целях повышения конкурентоспособности на рынке своей страны. И этот миллиард может быть вашим, если правильно подойти к вопросу организации бизнеса в Китае и с Китаем.Автор книги — советник правительств США и Китая, шеф-редактор китайского бюро газеты «Wall Street Journal», генеральный директор китайского подразделения Dow Jones, ранее — председатель Торговой палаты США в Китае. Его работа уже получила статус библии для бизнесменов, стремящихся в Китай. В ней нашли отражения обширные знания уважаемого журналиста, известного бизнесмена и, что немаловажно, человека, прожившего много лет в самом Китае. Победы, поражения, успехи и ошибки тех, кто уже пробовал вести бизнес в Поднебесной, — все это вы найдете в книге. 
606 1 |a Китай  |x Экономика  |2 stltpush  |3 (RuTPU)RU\TPU\subj\36265  |9 57705 
610 1 |a экономика 
610 1 |a конкурентоспособность 
610 1 |a бизнес 
610 1 |a международные экономические отношения 
610 1 |a международная торговля 
610 1 |a политика 
610 1 |a СМИ 
610 1 |a управление 
686 |a У9(5Кит)  |v LBC/SL-A  |2 rubbk 
700 1 |a Макгрегор  |b Дж.  |g Джеймс 
801 1 |a RU  |b 63413507  |c 20090610  |g PSBO 
801 2 |a RU  |b 63413507  |c 20131024  |g RCR 
942 |c BK 
959 |a 67/20090610  |d 1  |e 70,00  |f ЧЗГЛ:1